000 00363nam a22001697a 4500
003 UA-OsUOA
001 4936
007 ta
008 20050721b un ||||| |||| 00| 0 ukr d
100 _aAbraham
700 _aNorman
942 _cBK
040 _aUA-OsUOA
_cUA-OsUOA
_dUA-OsUOA
245 _aInteraction of Man and the Biosphere.
955 _a2
650 7 _2UDC
999 _c291098
_d291098